| 000 | 00904nam a2200265 a 4500 | ||
|---|---|---|---|
| 001 | 2512336 | ||
| 003 | OSt | ||
| 005 | 20240530110935.0 | ||
| 008 | 920522s1991 fr a b 000 0 fre | ||
| 010 | _a 92164481 | ||
| 020 | _a2850252476 | ||
| 040 |
_aDLC _cDLC |
||
| 082 | 0 | 0 |
_a759 _221 _bNC |
| 100 | 2 | _aNaubert-Riser, Constance. | |
| 245 | 1 | 0 |
_aCézanne / _cpar Constance Neubert-Riser. |
| 260 |
_aParis : _bHazan, _cc1991. |
||
| 300 |
_a138, [5] p. : _bill. (some col.) ; _c31 cm. |
||
| 440 | 4 |
_aLes Chefs-d'œuvre, _x0986-4598 |
|
| 504 | _aIncludes bibliographical references (p. [141]-[143]). | ||
| 600 | 1 | 0 |
_aCézanne, Paul, _d1839-1906 _xCriticism and interpretation. |
| 700 | 1 |
_aCézanne, Paul, _d1839-1906. |
|
| 906 |
_a7 _bcbc _corignew _d2 _encip _f19 _gy-gencatlg |
||
| 942 |
_2ddc _cBK |
||
| 999 |
_c66722 _d66722 |
||